1332 1697 1999 1095 1274 1043 1864 1536 1236 1616 1690 1162 1879 1668 1048 1109 1343 1282 1116 1951 1668 1618 1024 1566 1266 1339 1222 1613 1262 1151 1111 1693 1066 1796 1352 1573 1742 1551 1345 1027 1299 1569 1867 1621 1462 1440 1033 1027 1106 1281 1570 1479 1045 1077 1147 1002 1470 1968 1754 1465 1362 1789 1037 1494 1639 1604 1630 1520 1112 1066 1701 1707 1641 1508 1263 1610 1879 1020 1214 1060 1291 1060 1746 1597 1177 1117 1732 1049 1499 1768 1531 1388 1777 1325 1924 1843 1049 1135 1484 BCNSPRNW ULIB Ver.6.0+V

เปลี่ยนเป็นภาษาไทย

Change to English
 แสดงรายละเอียดบรรณานุกรม
  กลับหน้าหลัก

Brief Record : Get Marc (ISO 2709) : E-mail record : QR code < ปิดหน้าต่าง
LEADER : 00000nam 2200000uu 4500
001    13399112224
003     ULIB
008    110426s2551||||th 000 0 tha d
020    9742127855
050  4 PE1645^bว579พ 2551
100 0  วิทย์ เที่ยงบูรณธรรม
245 10 พจนานุกรมอังกฤษ-ไทย & ไทย-อังกฤษ=^bSe-ED s model English -Thai & Thai-English dictionary/^cวิทย์ เที่ยงบูรณธรรม
246 31 Se-ED s model English -Thai & Thai-English dictionary
260    กรุงเทพฯ :^bซีเอ็ดยูเคชั่น,^c2551
300    1720 หน้า
650  7 ศัพท์
650  7 พจนานุกรมอังกฤษ-ไทย
945    ^p595^l0^i026965
945    ^p595^l0^i026966
995    ทศพร
999 ^a ใช้งานได้ทุกระบบ
รายการนี้ยังไม่มีแท็ก
คุณยังไม่ได้ล็อกอิน คุณสามารถมีกิจกรรมร่วมกับเว็บไซต์ได้ แต่ต้องล็อกอินก่อน ::
  ล็อกอิน

รายการสื่อสารสนเทศ

ลำดับที่ ประเภท เลขเรียก/บาร์โค้ด สถานที่ สถานะ
- ไม่พบข้อมูล -

รายการใกล้เคียง
    ผู้แต่ง [วิทย์ เที่ยงบูรณธรรม]

    หัวเรื่อง [ศัพท์]
    หัวเรื่อง [พจนานุกรมอังกฤษ-ไทย]

BibComment


ยังไม่เคยถูกคอมเมนท์

คอมเมนท์ทรัพยากรรายการนี้
  คอมเมนท์: พจนานุกรมอังกฤษไท..


 Copyright 2026. Bcnsprnw @Library